000 00370 a2200169 4500
001 47132
020 _a9788532522320
040 _cAnchieta - Aquarius
100 _aMesquita, Suely
240 1 0 _aA caixa de Pandura
_lpor
245 1 0 _aA caixa de Pandura
300 _a42
362 0 _a2007
440 1 _aRocco
650 4 _aLiteratura infanto-juvenil
942 _cBK
999 _c47132
_d47132